000 01003cam a2200277 4500
008 090401t1998 xxu||||| |||| 00| 0 eng d
020 _a1572030534
035 _a(Sirsi) u87802
041 _aeng
050 _a333.330973
100 _aMuhlebach, Richard F.
245 _aBusiness strategies for real estate management companies.
260 _aChicago, IL
_bInstitute of Real Estate Management
_c1998
300 _axx,427p. ; 23cm.
350 _a75
520 _aAn American book based on the authors` experience of running real estate management companies, which covers the setting up of a business, business development, ethical practices and managing risk and change.
650 _aBUSINESS DEVELOPMENT
650 _aPROPERTY MANAGEMENT COMPANIES
650 _aProperty management
_96262
650 _aREAL ESTATE MANAGEMENT COMPANIES
650 _aUNITED STATES
690 _aCOMMERCIAL PROPERTY-MANAGEMENT
700 _aAlexander, Alan A.
942 _n0
948 _c04/08/1998
999 _c97269
_d97269